=LDR 00000nam 2200000 4500 =001 INLIS000000000010649 =990 ##$$a 10311054 =990 ##$$a 10311054 =005 20130612102300 =008 ***********************************Ind** =035 ##$$0010-061300000010649 =041 ##$$a Ind =082 ##$$a 345 =090 ##$$a 345, Wal p =100 ##$$a WALUYO, Bambang =245 ##$$a Pidana dan Pemidanaan =260 ##$$a 2000 $b Jakarta =300 ##$$a x, 212 hlm, ilus, 21 cm =650 ##$$a Hukum Pidana =850 ##$$a NBPNMAT =990 ##$$a 0001/BPAP-NTB/2015